000 00644nam a22001937a 4500
005 20251212102049.0
008 251212b |||||||| |||| 00| 0 eng d
020 _a9781617110849
040 _cPK-LaUMT
082 _a613.7
_bTHO-P
100 _aThompson, Catherine Rush
_98368
245 _aPrevention practice and health promotion :
_ba health care professional's guide to health, fitness, and wellness /
_cby Catherine Rush Thompson
250 _a2nd ed.
260 _aThorofare :
_bSlack incorporated,
_c2015
300 _a371 p.
650 _aHealth promotion-Method
_98369
650 _aPrimary prevention-Methods
_98370
942 _cBK
999 _c139352
_d139352